[Event "Novgorod"]
[Site "Novgorod RUS"]
[Date "1997.06.16"]
[Round "5"]
[White "Short, Nigel D"]
[Black "Topalov, Veselin"]
[Result "0-1"]
[WhiteElo "2690"]
[BlackElo "2725"]
[EventDate "1997.06.??"]
[Annotator "Atlas,V"]
[EventType "tourn"]
[EventRounds "10"]
[EventCountry "RUS"]
[EventCategory "19"]
[Source "ChessBase"]
[SourceDate "1997.10.13"]
[WhiteTeamCountry "NED"]
[BlackTeamCountry "NED"]

1. e4 c5 2. Nf3 d6 3. d4 cxd4 4. Nxd4 Nf6 5. Nc3 a6 6. Be3 Ng4 7. Bg5 h6 
8. Bh4 g5 9. Bg3 Bg7 10. Be2 h5 11. Bxg4 Bxg4 12. f3 Bd7 13. Bf2 Nc6 14. 
O-O e6!? ( {The main alternatives are:} 14. ... Rc8 15. Nd5 ( 15. Nxc6 
bxc6 16. Bd4 f6 17. Qd3 Rb8 18. Nd1 c5 19. Bf2 O-O 20. Re1 a5 21. Rb1 Be6 
22. Nc3 a4 23. Nd5 Qd7 24. b3 axb3 25. axb3 Rb7 26. f4 gxf4 27. Nxf4 Bf7 
28. Nd5 Ra8 29. Rbd1 Kh8 30. Ne3 Qb5 =, quiet {Tiviakov,S-Georgiev,K/Cacak
1996} ) 15. ... e6 16. Nxc6 Rxc6 17. Bd4 Be5 18. Ne3 f6 19. Rf2 Ke7 20. c3
Qa5 21. Rd2 Rhc8 22. Bxe5 Qxe5 23. Rd4 Qc5 24. Qd2 h4 25. Rd1 b5 26. Kh1 
Be8 27. Ng4 Qb6 28. e5 dxe5 29. Rd7+ Bxd7 30. Qxd7+ Kf8 31. Qh7 Rd6 32. 
Qh8+ Kf7 33. Qxf6+ Kg8 34. Qxg5+ Kf8 35. Qf6+ Kg8 36. Nh6+ {1-0 
Bologan,V-Ribli,Z/Deutschland 1996} ) ( 14. ... Ne5 15. Nde2 Rc8 16. Nd5 
Be6 17. Bd4 Bxd5 18. exd5 Qa5 19. f4 gxf4 20. Nxf4 Qa4 21. c3 Qxd1 22. 
Raxd1 Rh7 23. Bxe5 Bxe5 24. Nd3 Bh8 25. Rf4 Kd7 26. Rdf1 Bf6 27. Rb4 += {
Lanka,Z-Ftacnik,L/ EU-chTM Pula 1997 (69)} ) 15. Nxc6 ( 15. Qd2 {followed 
by 16.Rad1 was worth considering.} ) 15. ... Bxc6 16. Bd4 {White wants to 
eliminate Black's two-bishop advantage and create kingside
chances. The bishops and the kingside are among the most important factors
in
evaluating the position.
But what else matters? Once again, take several minutes to examine the
diagram. See if you can determine what the two players are aiming for. 
Where
are the weaknesses?
And specifically, how should Black answer 16 Bd4 ? Is it worth preserving
his bishop with 16 . . . e5 ? After all, he does it with a gain of time. 
Or is the hole
created on d5 more significant? And what are the worthwhile alternatives? 
Does
Black really want to castle here?
If you've given this position the attention it deserves you may have
considered the best move. It is} 16. ... Be5! {Essential move. Otherwise 
Whtie has a large advantage.

Black knew from similar positions that the doubling of pawns on the e-file
wasn't as important as having pawn control of d5 and d4. He pressed the 
point
by meeting} 17. Qd2 Qf6! {White didn't relish the prospect of going into a
somewhat inferior ending
after} 18. Bxe5?! ( 18. Ne2!? {intending advancement of the queenside 
pawns seems to be stronger.} ) ( 18. Rad1 Bxd4+ ( 18. ... Qf4 19. Qxf4 
gxf4 ) 19. Qxd4 Qxd4+ 20. Rxd4 ) 18. ... dxe5! {Note that White has no way
to open up the position further for his rooks now
that f3-f4 is ruled out. Moreover, he has no obvious target to attack.
When you can't change the pawn structure favorably, you should make the
most of your pieces. Here that means White should try 19 Qd6 Rd8 20 Qc5.
That would prompt Black to find a way to get his king to safety and 
connect
rooks, such as after 20 . . . Qg7 and . . . f6/ . . . Qe7/ . . . Kf7. In 
other words, what
matters in this position is the temporary discomfort of the Black pieces 
after
19 Qd6 ! .
Instead, White slipped into the worst of it after} ( 18. ... Qxe5 19. Rad1
O-O-O 20. b4 Kb8 21. Rfe1 Be8 22. Re3 f6 23. Ne2 Bb5 24. Nd4 Bc4 25. a4 h4
= ) 19. a4? ( 19. Qd6 Rd8 20. Qc5 Qg7 21. Rad1 Rxd1 22. Rxd1 f6 ) 19. ... 
O-O 20. b3? ( {Strange decision. Much stronger seems} 20. Ne2 ) 20. ... 
Rfd8 21. Qe3 Qf4! {Transforming game into a perspective ending, since the 
threat Rd2 is very unpleasant.} 22. Qxf4 gxf4! {Quite a bit has changed so
it's time to re-evaluate. What matters most now?
Well, White has a queenside majority of pawns and a frisky knight that can
carry out a useful regrouping, such as Na2-b4 and then c2-c4.
Black's plusses include control of the d-file but that's temporary. He has
targets at g2 and possibly f3 , which could be exposed by . . . f5 . White
went
steadily downhill
} 23. Rfd1 h4 24. Rxd8+ Rxd8 25. Rd1 Rc8! {Certainly, exchange of the 
second rook pair would be in White's favor.

Black preserves
his rook to attack g2 and/or c2.} 26. Rd2 Kf8 27. Nd1 Ke7 28. Nf2 f5 29. 
Kf1 fxe4 30. fxe4 ( 30. Nxe4 {fails to} 30. ... Bxe4 31. fxe4 Rc3! ) 
30. ... a5 31. Ke2 Be8! {Threatening 31...Rc3.} 32. Kd1? ( {After this 
move White faces irreolvable problems.Essential was} 32. c4 Bh5+ 33. Kf1 
Rd8 34. Rxd8 Kxd8 35. Nd3 Bd1! ) ( 32. Ke1 Rd8 33. Rxd8 Kxd8 34. Nd3 Bg6 )
32. ... Bh5+ ( 32. ... Rc3? {is strongly met by} 33. Rd3 ) 33. Kc1 ( 33. 
Ke1 {fails to} 33. ... Rc3 ) 33. ... Rg8! {Starting the effective 
operations on the kingside.} 34. Nd3 h3! {Excellent blow. This pawn 
sacrifice yields Black decisive advantage.} 35. gxh3 Rg1+ 36. Kb2 Bf3 37. 
Nxe5 Bxe4 {Intending to play 39...f3 followed by Rg2.} 38. Rf2 Kf6! 39. 
Nc4 ( 39. Ng4+ Kg5 ) 39. ... Kg5 {/\f4-f3, Kg5-f4.} 40. h4+ {A desperate 
attempt to push own passed pawn. Clearly, this march cannot yield anything
to White.} 40. ... Kg4 41. h5 f3 42. h6 Kf4 43. Nd2 Rg6 44. h7 Rh6 45. 
h8=Q Rxh8 {Aside from examining late opening positions - which are easily 
found in
books, magazines and databases or on the Internet - there is another good
method for enriching your sense of what matters. It's your own games.
Unfortunately for your ego, it's usually your losses.
The reason is that by the time you've been playing tournament chess for
several years, you've developed an appreciation of what matters in some
positions. But you're also hampered by blind spots in other kinds of 
positions.
The best way to find out what you don 't understand is by examining 
positions
you didn't understand when you played them. Here's a personal example.} 
0-1

[Event "ESP Team Ch"]
[Site "Cala Galdana ESP"]
[Date "1994.??.??"]
[Round "?"]
[White "Spraggett, Kevin"]
[Black "Morovic Fernandez, Ivan"]
[Result "1-0"]
[WhiteElo "2550"]
[BlackElo "2605"]
[EventDate "1994.??.??"]
[PlyCount "83"]
[EventType "team"]
[EventRounds "9"]
[EventCountry "ESP"]
[Source "ChessBase"]
[SourceDate "1996.11.15"]
[WhiteTeamCountry "GER"]
[BlackTeamCountry "GER"]

1. c4 Nf6 2. Nc3 e5 3. Nf3 Nc6 4. g3 Bb4 5. Bg2 O-O 6. O-O e4 7. Ne1 Bxc3 
8. dxc3 h6 9. Nc2 Re8 10. Ne3 d6 11. Qc2 Re5 12. f4 exf3 13. exf3 Re8 14. 
Bd2 Be6 15. f4 Ng4 16. Nd5 Ne7 17. h3 Bxd5 18. cxd5 Nf6 19. c4 Qd7 20. 
Rae1 Nf5 21. Qd3 h5 D {What is the most important feature of the position 
and what should White do
about it?} 22. Rxe8+ {The most important feature is the superiority of 
White's minor pieces over
Black's. To maximize that edge White correctly traded rooks} ( 22. Bc3! 
Rxe1 23. Rxe1 h4 24. Bxf6 gxf6 25. gxh4 Nxh4 26. Qg3+ Ng6 27. Be4 +/- ) 
22. ... Rxe8 23. Re1 h4 ( 23. ... Rxe1+ 24. Bxe1 {White would have 
continued
Bc3 , Kh2, .Bf3 and g3-g4 to drive the knights back. His edge in space 
would
be nearly decisive.} ) 24. Rxe8+ Nxe8 25. g4 Ng3 26. f5 Nf6 27. Bg5 Qe8! {
Black is offering a pawn in order to gain counterplay (Bxh4 Ne2+ and Nf4).
But White recognized that trading queens mattered more and played} 28. Qe3
! Qxe3+ 29. Bxe3 {That left him with two bishops that have grown in power 
over
the two knights because the heavy pieces are gone.
One of the reasons bishops are superior to knights is that they have an 
easier
time forcing trades. White won by entering a pawn-ending,} 29. ... a5 30. 
Kf2 g5 31. Ke1 ( 31. Bxg5 Nfe4+ ) 31. ... Nfe4 32. Bxe4 Nxe4 33. Ke2 f6 
34. Kd3 Nc5+ ( 34. ... Ng3 35. Ba7! ) 35. Bxc5! dxc5 36. Kc3 Kf7 37. Kb3 
Ke7 38. Ka4 b6 39. Kb5 Kd6 40. b3 Kd7 41. Ka6 Kd6 42. Kb7 1-0

[Event "Linares 26th"]
[Site "Linares"]
[Date "2009.02.25"]
[Round "6"]
[White "Carlsen, Magnus"]
[Black "Anand, Viswanathan"]
[Result "1-0"]
[WhiteElo "2776"]
[BlackElo "2791"]
[EventDate "2009.02.19"]
[Annotator "Krasenkow"]
[PlyCount "153"]
[EventType "tourn"]
[EventRounds "14"]
[EventCountry "ESP"]
[EventCategory "21"]
[Source "ChessBase"]
[SourceDate "2009.03.25"]

1. d4 d5 2. c4 c6 3. Nc3 Nf6 4. e3 e6 5. Nf3 Nbd7 6. Qc2 Bd6 7. g4 Nxg4 8.
 Rg1 Qf6 9. Rxg4 Qxf3 10. Rxg7 Nf6 11. h3 {This move (keeping the h2 pawn 
and preventing ...Nf6-g4) was played by Aronian against Morozevich (see 
CBM 117, with GM M.Marin's annotations). Below you will see other 
practical examples.} ( 11. Rg5 {is the main theoretical line - see my 
survey in CBM 127.} ) 11. ... Qf5?! N {Hardly a good novelty. In the 
endgame White keeps a small but clear edge due to his better pawn 
structure.} ( 11. ... e5?! 12. dxe5 Bxe5 13. Rg5! Nd7 14. cxd5 cxd5 15. 
Rf5 ( 15. Bd2 d4 16. Bg2 Qf6 17. exd4 Bxd4 18. O-O-O +/- {1-0 Chytilek,R 
(2320)-Franta,J/Litomysl 1996/EXT 1998 (25)} ) 15. ... Qh1 16. Bd2 d4 17. 
exd4 Bxd4 18. O-O-O O-O 19. Bh6 Re8 20. Rg5+ Kh8 21. Rxd4 Qxf1+ 22. Rd1 
Re1 23. Bg7+ Kg8 24. Be5+ {1-0 Tisdall,J (2492)-Sidselrud,S (2150)/Norway 
2002/EXT 2003} ) ( 11. ... h6!? {, preventing Rg7-g5, looks quite good for
Black:} 12. Bd2 ( 12. Qe2!? Qxe2+ ( 12. ... Qf5!? ) 13. Bxe2 Kf8 14. Rg1 
dxc4 15. e4 Bb4 16. f3 b5 17. Kf2 a6 18. Bf4 Bb7 19. Rac1 Nd7 20. b3 cxb3 
21. axb3 =/& {1-0 Le Quang,L (2542)-Neelotpal,D (2485)/Cebu City 2007/CBM 
120 ext (38)} ) 12. ... e5 ( 12. ... Bd7 13. Qb3 Ke7 14. c5 Bc7 15. Qxb7 
+= {1-0 Le Quang,L (2583)-Garnelis,J (2188)/Vung Tau 2008/EXT 2009 (37)} )
13. Rg3 ( 13. cxd5 exd4 14. exd4 Kf8 15. Rg1 Bf5 16. Qb3 Re8+ 17. Be3 Rg8 
â‡„â‡„ {1/2 Siebrecht,S (2451) -Haba,P (2546)/Kallithea 2008/CBM 127 (37)}
) 13. ... Qh5 14. cxd5 exd4 15. Ne4 Nxe4 16. Qxe4+ Qe5 17. Qxe5+ Bxe5 18. 
Rf3 cxd5 19. Bb5+ Ke7 20. exd4 Bd6 21. Kf1 Be6 =, quiet {1/2 Aronian,L 
(2744)-Morozevich,A (2741)/Morelia/Linares 2007/CBM 117/[Marin,M] (29)} ) 
( 11. ... Kf8!? 12. Rg5 ( 12. Rg1 $143 Rg8 13. Rxg8+ Kxg8 14. Bd2 dxc4 15.
 Bxc4 e5 16. dxe5 Bxe5 17. Bf1 Bf5 -/+ {0-1 Splichal,S (2167) -Michenka,J 
(2351)/Karvina 2003/EXT 2005 (41)} ) 12. ... Qh1 {needs testing} ) 12. 
Qxf5 exf5 13. cxd5 cxd5 ( 13. ... Nxd5!? 14. Nxd5 cxd5 15. Bd2 += ) 14. 
Nb5 Bb4+ 15. Bd2 Bxd2+ 16. Kxd2 Ke7 17. Bd3 Be6 D {White played 18 Nc7. 
Why does that make sense?

As bad as Black's bishop is, it defends his weakest pawns, at f5, d5 and 
f7. After} ( 17. ... Bd7!? ) 18. Nc7!? {A good idea - to exchange the 
theoretically "bad" e6 bishop, in fact, the main defender of the black 
pawns, using the opportunity that Black can't recapture with his f7 pawn.}
18. ... Rag8 19. Nxe6! {Black's position was riddled with permanent and
vulnerable targets and he lost eventually following} 19. ... Kxe6 20. Rxg8
Nxg8?! {Too "subtle".} ( {Any beginner would play the simple} 20. ... Rxg8
{, and he would be right:} 21. Rc1 Rg2 22. Ke2 Rh2 23. Kf3! ( 23. Rc7 Rxh3
24. Rxb7 Rh2 ) 23. ... Rxh3+ 24. Kg2 Rh5 25. Rc7 Rg5+ 26. Kf3 Ng4 {- 
Black's counterplay must be strong enough to survive.} ) 21. Ke2 ( 21. Rc1
Ne7 22. Rc7 Rb8 ) 21. ... Ne7 22. Kf3! ( 22. Rc1 Rc8 23. Rxc8 Nxc8 24. Kf3
{was probably insufficient for the victory. GM M.Carlsen decides to keep 
rooks on the board.} ) 22. ... Rc8 23. a4! Rc7 24. a5 h6 25. h4 Kf6 26. h5
Nc8 27. Kf4 Nd6 28. Rg1 Rc8 29. f3 Ke6 {Black is completely passive.} 30. 
Rg7 Rh8 31. Bc2! {The "two weaknesses", attacked by the stronger side, 
should be as far from each other as possible, then it is more difficult 
for the defender to hold both; therefore - h6 and d5, rather than f5.} 
31. ... Rc8 32. Bb3 Rh8 33. Rg1 Rc8 34. Rg7 Rh8 35. Rg2 Rc8 36. Rg1 âŠ™ {
The black knight must prevent e3-e4, the rook can't leave the 8th rank in 
view of Rg8-h8, and if it leaves the c-file, White plays Rc1 threatening 
Rc5 and Rc7; finally, pawn moves create new weaknesses.} 36. ... Ne8! {The
lesser evil.} ( 36. ... Rb8 37. Rc1 Rc8 38. Rc5! Rxc5 39. dxc5 Nc4 40. e4 
fxe4 41. Bxc4 dxc4 42. Kxe4 +- ) ( 36. ... Nc4 37. Bxc4 dxc4 ( 37. ... 
Rxc4 38. Rg7 ) 38. Ra1 ) ( 36. ... b6 37. axb6 axb6 38. Ra1 +/- ) 37. e4 
fxe4 38. fxe4 Nf6 39. e5! Ne4! ( 39. ... Nxh5+ 40. Ke3 ) ( {The endgame 
after} 39. ... Rg8 40. Rxg8 Nxg8 {is very difficult for Black:} 41. Bd1 
Ne7 42. Bg4+ f5 43. Bh3 âŠ™ b6 ( 43. ... Nc6 44. Bxf5+ Ke7 45. Bc8 Nxa5 
46. Kf5 ) 44. a6 b5 45. Bf1 b4 ( 45. ... Nc6 46. Bxb5 Nxd4 47. Bd3 âŠ™ +/-
) 46. Bd3 Nc6 47. Bxf5+ Ke7 48. Ke3 {and White should gradually win.} ) 
40. Ke3 b6?! {Black unnecessarily opens up the a-file for his opponent. 
"Don't move pawns on the side where you are weaker!"} ( 40. ... Ng5 âŒ“ +=
41. Rf1 â–³ Ne4 ) 41. axb6 axb6 42. Kd3 ( 42. Bd1!? Rc4 ( 42. ... Ra8 43. 
Bc2 Ng5 44. Rf1 ) 43. Bg4+! ( 43. Rg8 Rb4 â‡„â‡„ ) 43. ... f5 ( 43. ... 
Ke7 44. Bf3 Rb4 45. Bxe4 dxe4 46. Rg2 +/- ) 44. exf6+ Kxf6 45. Bf3 Kf5 46.
 Bxe4+ dxe4 47. Rf1+ Ke6 48. Kxe4 Rc2 49. d5+ Ke7 50. b4 {with a promising
rook ending.} ) 42. ... Nf2+ 43. Ke2 Ne4 44. Ke3 f6?! ( 44. ... Ng5!? {was
still possible although White could now invade along the a-file:} 45. Ra1 
f6! 46. exf6 Ne4 47. f7! Rf8 48. Ra6 Rxf7 49. Rxb6+ Nd6 {with good drawing
chances (S.Zagrebelny).} ) 45. Rg6 Rc1 46. Rxh6? ( 46. exf6! Re1+ 47. Kd3 
Nxf6 48. Bxd5+ Kf5 ( 48. ... Kxd5 49. Rxf6 b5 50. Rb6 +- ) 49. Bf3 {
(I.Ganiev)} 49. ... Rb1 50. Kc3 ( 50. Kc2 $143 Rf1 51. Be2 Rf2 ) 50. ... 
Re1 51. Kc4 {and White should gradually win} ) 46. ... Rh1 47. Bc2 Rh3+? {
Obvious but wrong!} ( 47. ... Re1+! 48. Kd3 ( 48. Kf4 Rf1+ 49. Kg4 Rg1+ ) 
48. ... Rh1 {and White can't make any progress (S.Zagrebelny).} ) 48. Kf4!
Rh4+ 49. Kf3 {When a rook and a knight are jumping around your king, you 
must sometimes display real acrobacy!} 49. ... Nd2+ 50. Ke2? {This move 
seriously complicates White's task.} ( 50. Kg3! âŒ“ Rxd4 51. Rxf6+ Kxe5 
52. Rf5+ Ke6 53. h6 Rc4 ( 53. ... Ne4+ 54. Bxe4 dxe4 55. h7 Rd8 56. Rh5 
Rh8 57. Kf4 +- ) 54. h7 Rxc2 55. Re5+! ( 55. Rf8 $143 Ne4+ 56. Kg4 Rh2 57.
 h8=Q Rxh8 58. Rxh8 Kd6 ) ( 55. h8=Q $143 Ne4+! 56. Kf4 Rf2+ 57. Ke3 Kxf5 
) 55. ... Kxe5 56. h8=Q+ Kd6 57. Qf8+ Kc7 58. Qf7+ Kb8 59. Qxd5 Nf1+ 60. 
Kh4 {- with his pieces scattered all over the board, Black can't organize 
successful defence.} ) 50. ... Rh2+ 51. Kd1 Nc4 52. Rxf6+ Ke7 53. Bg6 Rd2+
54. Kc1 ( 54. Ke1!? Rxd4 55. h6 Rh4 ( 55. ... Nxe5 $143 56. Rxb6 Rh4 ( 
56. ... Nxg6 57. Rxg6 Rh4 58. Rb6 ) 57. Bf5 ) 56. Bf5 d4 57. Re6+ ( 57. 
Rc6 d3! ) 57. ... Kf7 58. b3 Ne3 59. Rf6+ Ke7 60. Bc8 Rh2 61. Rd6 +/- ) 
54. ... Rxd4 55. b3! ( 55. h6 Rh4 56. Bf5 {is now impossible due to} 
56. ... Rh1+ 57. Kc2 Ne3+ 58. Kd3 Nxf5 59. Rxf5 Rxh6 =, quiet ) 55. ... 
Nxe5 56. Rxb6 Rh4 ( {The rook endgame after} 56. ... Nxg6 57. hxg6 {should
be winning for White.} ) 57. Bf5! Nf3? ( 57. ... Rh1+ 58. Kc2 ( 58. Kd2 
Nc4+!! 59. bxc4 Rxh5 =, quiet {S.Zagrebelny} ) 58. ... Nf3 59. Bg4 ( {or} 
59. Rb7+ Kf6 60. Bg6 Ne5 ) 59. ... Rh2+ 60. Kc3 Ng5 {and White can hardly 
win.} ) 58. h6! {The pawn finally moves forward!} 58. ... Nd4 59. h7! Nxf5
60. Rb8 Nd4 61. Kb2! Kd6 62. h8=Q Rxh8 63. Rxh8 {This is a technically 
winning endgame but some work still has to be done.} 63. ... Kc5 64. Rh5 
Nc6 65. Rh4 Nb4 66. Ka3 {White must disorganise Black's defence. First, he
forces the advance of the black d-pawn, then he must try to push his own 
pawn at an appropriate moment.} 66. ... d4 ( 66. ... Nc2+ 67. Ka4 d4 68. 
Rh5+ ) 67. Rh5+ Nd5 68. Kb2 Kc6 69. Ka3 Kc5 70. Rh4 Nb4 71. Rh8 Nc6? {This
makes White's task much easier.} ( 71. ... Nd5 72. Rd8! +- ) ( 71. ... 
Nc2+ âŒ“ 72. Kb2 Nb4 73. Rc8+ Nc6 ( {or} 73. ... Kd5 74. Ka3 ) 74. Ka3 Kd5
{It is still difficult for White to reach victory; e.g.} 75. b4? {is 
premature and leads to a draw after} ( {first he must play} 75. Rc7 Kd6 
76. Rh7 {etc.} ) 75. ... d3 76. Rh8 d2 77. Rh1 Kc4 ) 72. Rh5+ Kd6 73. b4 {
Now, with the black king cut off, everything is over.} 73. ... d3 ( 
73. ... Ne5 74. Kb3 Kd5 75. b5 +- ) 74. Rh3 Ne5 75. Kb3 d2 76. Kc2 Nc6 77.
 Rh4 1-0